| 000 | 00000nam##2200000za#4500 |
| 001 | 9.580510 |
| 003 | CaOODSP |
| 005 | 20210624191055 |
| 007 | cr ||||||||||| |
| 008 | 150406|1983||||xxc|||||o f|0| 0 eng|d |
| 040 | |aCaOODSP|beng |
| 043 | |an-cn--- |
| 086 | 1 |aFs97-14/139-1983E-PDF |
| 110 | 1 |aCanada. |bDepartment of Fisheries and Oceans. |
| 245 | 14|aThe commercial development and processing of a caviar product from Canadian lake whitefish (Coregonus clupeaformis) / |h[electronic resource]|cby D.G. Iredale and R.K. York. |
| 260 | |aWinnipeg - Manitoba : |bFisheries and Oceans Canada |c1983. |
| 300 | |a15p.|bfigs., illus., references |
| 490 | 1 |aCanadian industry report of fisheries and aquatic sciences|vNo. 139 |
| 500 | |aFile reproduced from original print. On t.p.: Western Region, Winnipeg, Manitoba. The catalogue number and original ISSN for the print edition appear in the PDF version. |
| 546 | |a(Résumé en français.) |
| 590 | |a14-15-Supp|b2014-09-04 |
| 720 | 1 |aIredale, D. G. |
| 720 | 1 |aYork, R. K. |
| 830 | #0|aCanadian industry report of fisheries and aquatic sciences ;|vNo. 139|w(CaOODSP)9.505199 |
| 856 | 40|ahttp://publications.gc.ca|qPDF|s496 KB|uhttps://publications.gc.ca/collections/collection_2014/mpo-dfo/Fs97-14-139-1983-eng.pdf|yNo. 139 |